Statistiken für Hauptstädte Nordamerikas - alphabetisch

Klicken Sie hier um das Quiz zu spielen!

Allgemein

  • Dieses Quiz wurde 158 mal gespielt
  • Das Durchschnittsergebnis liegt bei 18 aus 23

Antwortstatistiken

Hauptstadt% Korrekt
HHavanna
90%
KKingston
89%
OOttawa
87%
PPanama-Stadt
87%
BBelmopan
86%
MMexiKo-Stadt
86%
NNassau
85%
GGuatemala-Stadt
84%
PPort of Spain
84%
WWashington, D.C.
83%
KKingstown
80%
BBridgetown
79%
PPort-au-Prince
79%
MManagua
78%
SSan Jose
77%
SSan Salvador
76%
CCastries
71%
RRoseau
71%
SSanto Domingo
67%
TTegucigalpa
66%
BBasseterre
64%
SSt. George's
55%
SSt. John's
54%

Verteilung der Resultate

Perzentil nach korrekt beantworteten Fragen

Anzahl Personen mit jedem Resultat

Ihre Resultats-Entwicklung

Sie haben dieses Quiz noch nicht gespielt